| 000 | 00738nam a2200217 a 4500 | ||
|---|---|---|---|
| 005 | 20140310183310.0 | ||
| 008 | 051014s19uu xx 00 eng d | ||
| 020 | _a0071239987 | ||
| 050 |
_aRD 94 _b.W698 2005 |
||
| 245 |
_aThe wound management manual / _cedited by Bok Y. Lee. |
||
| 260 |
_aNew York : _bMcGraw-Hill Companies, Inc, _c2005. |
||
| 300 |
_axii, 381 p. ; _bill. ; _c27 cm. |
||
| 521 | _aNUR | ||
| 650 |
_aWound healing _xHandbooks, manuals, etc. |
||
| 650 |
_aSkin _xUlcers _xTreatment _xhandbook, manuals, etc. |
||
| 650 |
_aBedsores _xPrevention _xHandbooks, manuals, etc. |
||
| 650 |
_aWounds and injuries _xTreatment _xhandbooks, manuals ,etc. |
||
| 700 | _aLee, Bok Y., ed. | ||
| 942 |
_cBK _2lcc _kFOR |
||
| 999 |
_c21123 _d21123 |
||